| 000 | 00838nam a22002777a 4500 | ||
|---|---|---|---|
| 001 | BR9901333 | ||
| 003 | BR-BrBNA | ||
| 005 | 20230928100106.0 | ||
| 007 | ta | ||
| 008 | 230509b bl.||||| |||| 00| 0 por d | ||
| 040 |
_aBR-BrBNA _bpor _cBiblioteca Nacional de Agricultura |
||
| 041 | _a(Por) | ||
| 072 | _aU40; P05 | ||
| 090 | _ U40 BR9901333 | ||
| 100 | 1 | _aLima, I.B.T. de | |
| 110 | 1 | _aInstituto Nacional de Pesquisas Espaciais, Sao Jose dos Campos, SP (Brasil) | |
| 245 | 1 | _aUtilizacao de imagens historicas TM pra avaliacao e monitoramento da emissao de CH3 na UHE Tucurui | |
| 260 | 3 |
_aSao Jose dos Campos, SP (Brasil): _c1998. |
|
| 300 | _a90 p. | ||
| 650 | _aSensoriamento Remoto | ||
| 650 | _aHidreletrica | ||
| 650 | _aEnergia Eletrica | ||
| 650 | _aPara | ||
| 909 |
_a202309 _bLucia _c55 _dLucia Elande |
||
| 942 | _cBK | ||
| 999 |
_c60287 _d60287 |
||